[Event "East Kilbride Weekly op 4th"]
[Site "East Kilbride"]
[Date "2011.05.26"]
[Round "4"]
[White "Murray, Frankie"]
[Black "Smith, Alex"]
[Result "1-0"]
[WhiteElo "1660"]
[BlackElo "980"]
[PlyCount "71"]
[EventDate "2011.05.??"]
[EventType "swiss"]
[EventRounds "5"]
[EventCountry "SCO"]
[SourceTitle "EXT 2023"]
[Source "ChessBase"]
[SourceDate "2022.10.05"]
[SourceVersion "1"]
[SourceVersionDate "2022.10.05"]
[SourceQuality "1"]

1. e4 d6 2. d4 Nf6 3. Nc3 e5 4. Nf3 Bg4 5. dxe5 dxe5 6. Qxd8+ Kxd8 7. Nxe5 Be6 8. Bc4 Ke7 9. Be3 b6 10. 0-0-0 Bxc4 11. Nxc4 Nc6 12. Rd2 Rd8 13. Rhd1 g6 14. Bg5 Bg7 15. e5 Rxd2 16. exf6+ Bxf6 17. Bxf6+ Kxf6 18. Rxd2 Rd8 19. Rxd8 Nxd8 20. Nd5+ Ke6 21. Nxc7+ Kd7 22. Nd5 b5 23. Na3 f5 24. Nxb5 Kc6 25. Nbc3 Ne6 26. g3 Ng5 27. Nf6 Kd6 28. h4 Ne4 29. Nfxe4+ fxe4 30. Nxe4+ Ke5 31. Ng5 h6 32. Nf7+ Kf6 33. Nxh6 g5 34. hxg5+ Kxg5 35. Nf7+ Kg4 36. c4 1-0